Statistics for Animals A-Z #2

Click here to take the quiz!

General Stats

  • This quiz has been taken 47,797 times
  • The average score is 15 of 25

Answer Stats

DescriptionAnimal% Correct
BAnother term for American buffaloBison
90%
AResembles a small llamaAlpaca
89%
KAustralian creature that eats
mostly eucalyptus leaves
Koala
87%
SVery slow tree-dwelling mammalSloth
85%
JStinging, tentacled ocean creatureJellyfish
83%
RHuge horned mammalRhinoceros
83%
HEquineHorse
82%
MBurrowing, worm-eating mammal
with poor eyesight
Mole
80%
LGrasshopper, when swarmingLocust
75%
FAnimal once hunted
by the British aristocracy
Fox
71%
VSpeedy dinosaur of "Jurassic Park"Velociraptor
71%
CCan be bactrian or dromedaryCamel
70%
NType of salamanderNewt
69%
WLike a kangaroo, but smallWallaby
67%
OAquatic mammal that
can open shellfish with a rock
Otter
64%
PRelative of dolphinsPorpoise
64%
USpiny sea creature eaten as sushiUrchin
63%
IAfrican antelope
and car model namesake
Impala
52%
GAnother name for a wildebeestGnu
42%
EEgg-laying mammalEchidna
37%
DRelative of the manateeDugong
34%
QCentral American bird with
brilliant green and red plumage
Quetzal
20%
TTiny primate with huge eyesTarsier
13%
YType of amberjack eaten as sushiYellowtail
13%
ZHumped cattle of South AsiaZebu
12%

Score Distribution

Percentile by Number Answered

Percent of People with Each Score

Your Score History

You have not taken this quiz